000 01106nmc a2200385 a 4500
003 AR-BaBNM
005 20251128204913.0
008 216019s1988 ||||||||||||||000 | spa||
020 _a84-277-0464-X
040 _cAR-BaBNM
100 1 _aTenbrink, Terry D.
245 1 0 _aEvaluación
_bguía práctica para profesores
250 _a3ª ed.
260 _aMadrid
_bNarcea
_c1988
300 0 _a460 p.
_btablas, gráfs.
490 0 _aEstudios hoy. Estudios
500 0 _aApéndices: p. 405-442
500 0 _aIndice temático: p. 451-458
504 _aContiene bibliografía al final de cada capítulo
504 _aBibliografía general: p. 443-447
650 4 _aEVALUACION DEL ALUMNO
650 4 _aAPRENDIZAJE
650 4 _aEVALUACION
650 4 _aTECNICAS DE EVALUACION
650 4 _aMETODOS DE EVALUACION
650 4 _aPRUEBAS ESTANDARIZADAS
650 4 _aPRUEBAS DE RENDIMIENTO
650 4 _aTOMA DE DECISIONES
650 4 _aJUICIO DE VALOR
650 4 _aSOCIOMETRIA
650 4 _aREDACCION DE INFORMES
653 0 _aEVALUACION EDUCATIVA
942 _cBK
998 _cGrace
999 _c9271
_d9271